| 000 | 01880nam a2200181 a 4500 | ||
|---|---|---|---|
| 001 | 000012796 | ||
| 005 | 20200929163057.0 | ||
| 008 | 091117s1980 dr a r 001 0 spa d | ||
| 020 | _a8449936985 | ||
| 040 |
_aDO-SdBNP _bspa _cBNPHU |
||
| 082 |
_axxxx _bxxxx |
||
| 100 | 1 |
_aRuiz de Rayuela, María Consuelo _929607 |
|
| 245 | 0 | 0 |
_aTrigonometría y geometría del espacio : _btercer curso de bachillerato, quinto curso de la reforma / _cMaría Consuelo Ruiz de Rayuela ; prólogo María Consuelo de Royuela. |
| 260 |
_aSanto Domingo : _bSusaeta, _c1980. |
||
| 300 |
_a253 p. : _bil. ; _c25 cm. |
||
| 505 | 0 |
_aTrigonometría -- _tFunciones trigonométricas de ángulos agudos -- _tFunciones trigonométricas de ángulos cualesquiera -- _tRepresentación geométricas de las funciones trigonométricas en el círculo -- _tVariaciones de las funciones trigonométricas y representación gráfica -- _tReducción de las funciones trigonométricas al primer cuadrante -- _tRelaciones entre las funciones trigonométricas de un ángulo -- _tFunciones trigonométricas de la suma y de la diferencia de dos ángulos -- _tFunciones trigonométricas de los ángulos duplo, triplo y mitad -- _tConversión de productos en sumas o diferencias. Conversión de sumas o diferencias en productos. Ley de senos. Ley de cosenos. Ley de tangentes. Resolución de triángulos -- _tLogarismos y sus propiedades -- _gGeometría del espacio _tGeometría del espacio. Conceptos generales -- _tPerpendicularidad de rectas y planos -- _tÁngulos diedros -- _tProyecciones: Proyección del punto -- _tProyecciones de recta y plano -- _tÁngulos poliedros -- _tPrismas-- _tLa pirámide -- _tCuerpos redondos -- _tSuperficie cónica y cono de revolución -- _tLa superficie esférica y la esfera -- _tIgualdad y semejanza de poliedros. Poliedros regulares -- _tSecciones cónicas. |
|
| 700 | 1 | 2 |
_aRoyuela, María Consuelo de, _epról. _929608 |
| 999 |
_c12447 _d12447 |
||